000 01283nam0a22002771 4500
001 v19\rc\1742331
005 20061204152149.3
035 _a(NLR Aleph) 004849110
090 _a4902492
_c4902492
100 _a20061204d1902 |||y0rusy50 ca
101 0 _arus
102 _aRU
105 _aa j |||||
200 1 _aУчебный проекционный фонарь, великий пособник учению в средней школе
_fГ.А. Жуков
210 _aСанкт-Петербург
_cтип. М.М. Стасюлевича
_d1902
215 _a[2], 34 с.
_cчерт.
_d25
300 _aЗагл. на кол.: Чтения со световыми картинами, их роль и применение с учебно-воспитательною целью в средне-учебных заведениях
517 0 _aЧтения со световыми картинами, их роль и применение с учебно-воспитательною целью в средне-учебных заведениях
700 1 _aЖуков
_bГ. А.
801 0 _aRU
_bNLR
_gpsbo
801 0 _aRU
_bRuMoRGB
_2psbo
801 1 _aRU
_bProSoft-M
_2rusmarc
852 _aNLR
_j34.83.2.154
899 _aRuMoRGB
_jE 96/738
942 _cBOOK
980 _aNB